| 000 -ლიდერი |
| ფიქსირებული სიგრძის საკონტროლო ველი |
02376nam a2200301Ia 4500 |
| 001 - საკონტროლო ნომერი |
| საკონტროლო ველი |
22733 |
| 003 - საკონტროლო ნომრის იდენტიფიკატორი |
| საკონტროლო ველი |
GE_BSU |
| 005 - ბოლო ოპერაციის თარიღი და დრო |
| საკონტროლო ველი |
20230504170956.0 |
| 008 - ფიქსირებული სიგრძის მონაცემთა ელემენტები - ზოგადი ინფორმაცია |
| ფიქსირებული სიგრძის საკონტროლო ველი |
181216s ||||ge |||||||||||||| ||geo|| |
| 020 ## - წიგნის საერთაშორისო სტანდარტული ნომერი |
| International Standard Book Number |
9789941261343 |
| 040 ## - კატალოგიზაციის წყარო |
| Transcribing agency |
GE_BSU |
| 041 ## - ენის კოდი |
| Language code of text/sound track or separate title |
geo |
| 080 ## - უნივერსალური ათობითი კლასიფიკაციის ინდექსი |
| Universal Decimal Classification number |
821.512.36.1=353.1 ს-41 |
| 100 ## - მთავარი ჩანაწერი - პიროვნების სახელი |
| Personal name |
სენდოო, ჰადაა |
| 9 (RLIN) |
17973 |
| 245 ## - ცნობა სათაურის შესახებ |
| Title |
ხანგრძლივი მონღოლური ჰანგი : |
| Remainder of title |
ლექსები / |
| Statement of responsibility, etc |
ჰადაა სენდოო. |
| 264 ## - წარმოების, გამოცემის, დისტრიბუციის და სხვა ცნობები |
| გამოცემის, წარმოების, დისტრიბუციის... ადგილი |
თბილისი : |
| გამოცემის, წარმოების, დისტრიბუციის... სახელწოდება |
უნივერსალი, |
| გამოცემის, წარმოების, დისტრიბუციის... თარიღი |
2017. |
| 300 ## - ფიზიკური აღწერა |
| Extent |
194 გვ. : |
| Other physical details |
ფოტ. ; |
| Dimensions |
20 სმ. |
| Accompanying material |
+ 9 ჩართ. ფ. |
| 500 ## - ზოგადი შენიშვნა |
| General note |
წიგნში ჩართული ფოტოები, რომლებზეც ასახულია მონღოლეთის ბუნება, გადაღებულია ავტორის მიერ, ყდის გასაფორმებლად გამოყენებულია სენდოოს ლექსი, დაწერილი მონღოლური შრიფტით |
| 500 ## - ზოგადი შენიშვნა |
| General note |
შენიშვნები : გვ. 177-179 |
| 504 ## - BIBLIOGRAPHY, ETC. NOTE |
| Bibliography, etc |
ბიბლიოგრ. : გვ. 164-168 |
| 520 ## - SUMMARY, ETC. |
| Summary, etc |
წიგნში ჩართული ფოტოები, რომლებზეც ასახულია მონღოლეთის ბუნება, გადაღებულია ავტორის მიერ.ყდის გასაფორმებლად გამოყენებულია სენდოოს ლექსი, დაწერილი მონღოლური შრიფტით. |
| 653 ## - INDEX TERM--UNCONTROLLED |
| Uncontrolled term |
Mongolian long tone : Poetry |
| 653 ## - INDEX TERM--UNCONTROLLED |
| Uncontrolled term |
ბავშვობა ; გაზაფხულის პირველი სიზმარი ; ფესვები ; კოცნა ; საზღვარი ; სანგიინ დალაი ; ჰუითენ შილი ; პასს ; მონღოლური იურტა ; ოთხი სეზონის ჩანახატი ; და სხვ.. |
| 653 ## - INDEX TERM--UNCONTROLLED |
| Uncontrolled term |
ლიტერატურა |
| 653 ## - INDEX TERM--UNCONTROLLED |
| Uncontrolled term |
ხანგრძლივი მონღოლური ჰანგი : ლექსები |
| 942 ## - ADDED ENTRY ELEMENTS (KOHA) |
| Koha item type |
წიგნი |
| Source of classification or shelving scheme |
|